02386pam a2200409 a 4500999001700000001000700017003000900024005001700033008004100050020001500091020001800106020002500124040004300149082002000192100004000212245031500252250001900567264006600586264001000652300004500662336002600707337002800733338002700761500002300788504005100811520048300862650002701345650003501372653002401407655002401431700004001455856008901495856009001584942001201674952016001686952013001846 c16059d16059632878EG-ScBUE20200311131859.0930429t2000 nyua f b 001 0 eng d a0071350780 a9780071350788 a0071350810 (Booklet) aDNLM/DLCbengerdacDLCdDLCdEG-ScBUE04a610.73bMUR2221 aMurray, Mary Ellen,eauthor.92727910aUnderstanding the nursing process :bin a changing care environment /cMary Ellen Murray, Ph.D., R.N., assistant professor, School of Nursing, University of Wisconsin-Madison, Leslie D. Atkinson, R.N., M.S.N., nursing program, Nomandale Community College, Bloomington, Minnesota ; illustrated by Mark Atkinson. aSixth edition. 1aNew York :bMcGraw-Hill, Health Professions Division,c[2000] 4cc2000 axvi, 243 pages :billustrations ;c23 cm 2rdacontentatextbtxt 2rdamediaaunmediatedbn 2rdacarrieravolumebnc aIncludes appendix. aIncludes bibliographical references and index. aUsing a helpful building-block approach, and filled with many thought-provoking historical and cultural vignettes. Understanding the Nursing Process in a Changing Care Environment breaks the nursing process into logically organized steps for ease of comprehension. Newly updated, the sixth edition considers the nursing process against the backdrop of today's transforming issues-such as managed care, multicultural patient populations, home health care, and illness prevention. 7aNursing.2BUEsh927280 7aNursing Process.2BUEsh927281 cSeptember2011bNNUR vReading book9342321 aAtkinson, Leslie D.eauthor.927283423Publisher descriptionuhttp://www.loc.gov/catdir/enhancements/fy0602/93001938-d.html413Table of contents onlyuhttp://www.loc.gov/catdir/enhancements/fy0602/93001938-t.html 2ddccBB 00102ddc40708BaccahaMAINbMAINc1STd2011-09-19epurchaseg347.70h143l10m32o610.73 MURp000024769r2025-07-15 00:00:00s2015-04-08w2011-09-19yBB 00102ddc40708BaccahaMAINbMAINc1STd2020-03-11ePurchasel0o610.73 MURp000049002r2025-07-15 00:00:00w2020-03-11yBB